[Event "Malaga-ch"]
[Site "Malaga"]
[Date "2012.01.29"]
[Round "7"]
[White "Ramos Guaz, Jose Manuel"]
[Black "Sabao Alvarado, Carlos"]
[Result "1-0"]
[WhiteElo "1801"]
[BlackElo "1733"]
[PlyCount "87"]
[EventDate "2012.01.14"]
[EventType "swiss"]
[EventRounds "9"]
[EventCountry "ESP"]
[SourceTitle "CBM 146 Extra"]
[Source "ChessBase"]
[SourceDate "2012.02.29"]
[SourceVersion "1"]
[SourceVersionDate "2012.02.29"]
[SourceQuality "1"]

1. d4 d5 2. c4 c6 3. cxd5 cxd5 4. Nf3 Nf6 5. Nc3 Nc6 6. Bf4 e6 7. e3 Be7 8. Be2 0-0 9. h3 a6 10. Rc1 Re8 11. 0-0 Bf8 12. a3 Bd7 13. b4 Rc8 14. Na4 Nb8 15. Nc5 b5 16. Qb3 Qb6 17. Ne5 Red8 18. Rc2 Nc6 19. Ned3 Be8 20. Rfc1 Bd6 21. Bxd6 Rxd6 22. Ne5 Rdd8 23. Ncd3 Ne7 24. Nc5 Nc6 25. Nxc6 Rxc6 26. f3 Rdc8 27. Nd3 Nd7 28. Kf2 f6 29. Nc5 Kf7 30. Nxd7 Bxd7 31. Rc5 Rxc5 32. Rxc5 Rxc5 33. dxc5 Qc6 34. Qd3 g6 35. Bd1 e5 36. Bb3 Be6 37. h4 f5 38. g4 fxg4 39. fxg4 e4 40. Qd4 Qc7 41. Kg2 Qd7 42. Qe5 Bxg4 43. Qxd5+ Be6 44. Qxd7+ 1-0

[Event "Malaga-ch"]
[Site "Malaga"]
[Date "2012.01.15"]
[Round "3"]
[White "Munoz Pelaez, Manuel"]
[Black "Sabao Alvarado, Carlos"]
[Result "1/2-1/2"]
[WhiteElo "1794"]
[BlackElo "1733"]
[PlyCount "52"]
[EventDate "2012.01.14"]
[EventType "swiss"]
[EventRounds "9"]
[EventCountry "ESP"]
[SourceTitle "CBM 146 Extra"]
[Source "ChessBase"]
[SourceDate "2012.02.29"]
[SourceVersion "1"]
[SourceVersionDate "2012.02.29"]
[SourceQuality "1"]

1. e4 c6 2. Nc3 d5 3. Qf3 dxe4 4. Nxe4 Nd7 5. d4 Ngf6 6. c3 Nxe4 7. Qxe4 Nf6 8. Qc2 g6 9. Bd3 Bg7 10. Nf3 Qc7 11. Bd2 a5 12. 0-0 c5 13. dxc5 Qxc5 14. Be3 Qc7 15. Bd4 0-0 16. Rfe1 Bg4 17. Ne5 Rac8 18. Nxg4 Nxg4 19. Bxg7 Qxh2+ 20. Kf1 Qh1+ 21. Ke2 Qxg2 22. Bxf8 Qxf2+ 23. Kd1 Ne3+ 24. Rxe3 Qxe3 25. Qe2 Qg1+ 26. Qe1 Qg4+ 1/2-1/2